000
00287nam a22001337a 4500
008
170623b xxu||||| |||| 00| 0 eng d
020
_a
9780073527161
041
_a
eng
080
_2
12TH
_a
32
100
_a
21
101
_a
SHP
245
_a
TAKING SIDES
_c
ROURKE,J.T
942
_2
udc
_c
BK
999
_c
18961
_d
18961